[Event "11th Kings Blitz Women"]
[Site "Medias ROU"]
[Date "2017.11.28"]
[Round "12.2"]
[White "Muzychuk, Anna"]
[Black "Cramling, Pia"]
[Result "1/2-1/2"]
[WhiteTitle "GM"]
[BlackTitle "GM"]
[WhiteElo "2576"]
[BlackElo "2448"]
[WhiteFideId "14111330"]
[BlackFideId "1700030"]
[EventDate "2017.11.28"]

1. e4 c5 2. Nf3 d6 3. Bb5+ Nd7 4. O-O a6 5. Bd3 Ngf6 6. c3 b5 7. Bc2 Bb7 8. Re1
e6 9. d4 cxd4 10. cxd4 Be7 11. Nbd2 Rc8 12. Nf1 O-O 13. Ng3 Re8 14. Bd2 e5 15.
b4 exd4 16. Nxd4 Bf8 17. Bb3 Ne5 18. a4 Qb6 19. Be3 Neg4 20. Bf4 Ne5 21. axb5
axb5 22. Ra5 Bc6 23. Re2 Nc4 24. Nxc6 Rxc6 25. Ra1 Rcc8 26. h3 Nd7 27. Nf5 Nde5
28. Kh2 Ra8 29. Rea2 Rxa2 30. Rxa2 Ng6 31. Be3 Nxe3 32. Nxe3 Rxe4 33. Qd5 Re7
34. Nf5 Rd7 35. Ra8 Qb7 36. h4 Qxd5 37. Bxd5 h5 38. g3 Ne7 39. Nxe7+ Rxe7 40.
Rb8 g6 41. Rxb5 Bg7 42. Rb8+ Kh7 43. Rb7 Rxb7 44. Bxb7 Bd4 45. Kg2 Kg7 46. Bd5
f5 47. f4 Kf6 48. Kf3 Ke7 49. b5 Kf6 50. Ke2 Ke7 51. Bc6 Kf7 52. Kd3 Bf2 53. Ke2
Bd4 54. Bd5+ Ke7 55. Kf3 1/2-1/2